Statistics for Countries in WW2

Click here to take the quiz!

General Stats

  • This quiz has been taken 49 times
  • The average score is 40 of 61

Answer Stats

Answer % Correct
France
98%
Australia
98%
USA
98%
Japan
98%
United Kingdom
95%
China
93%
Germany
93%
Italy
93%
Poland
93%
Canada
91%
USSR
91%
Belgium
89%
Denmark
89%
Finland
86%
Netherlands
84%
Romania
84%
Hungary
84%
Yugoslavia
82%
Bulgaria
82%
Brazil
82%
Mexico
80%
Norway
80%
India
80%
Argentina
77%
New Zealand
77%
Greece
77%
Chile
70%
Luxembourg
68%
Iran
68%
Egypt
68%
South Africa
64%
Turkey
61%
Latvia
61%
Panama
61%
Guatemala
61%
Venezuela
61%
Uruguay
59%
Peru
59%
Nicaragua
59%
Estonia
59%
Cuba
59%
Iraq
59%
Paraguay
55%
Honduras
55%
Bolivia
52%
Costa Rica
52%
Lithuania
52%
El Salvador
50%
Ecuador
48%
Thailand
45%
San Marino
43%
Haiti
41%
Dominican Republic
36%
Oman
34%
Monaco
34%
Lebanon
30%
Liberia
25%
Bahrain
23%
Nepal
20%
Samoa
18%
Columbia
14%

Score Distribution

Percentile by Number Answered

Percent of People with Each Score

Your Score History

You have not taken this quiz